000 00325nam a22001457a 4500
008 210526b ||||| |||| 00| 0 eng d
020 _a0675 058430 02
041 _aeng
080 _a510
082 _a510
100 _a36
101 _aMAT
245 _aTeacher Guide and Tests for Geometry
_cFoster,
942 _2udc
_cBK
999 _c57644
_d57644